000 00638nam a2200217 a 4500
999 _c3180
_d3180
001 3180
003 BD-JhCC
005 20171111184719.0
008 171111s1985 bg |||| ||a| 000 0 ben d
035 _a(BD-JhCC)3180
040 _aBD-JhCC
_dBD-JhCC
041 _aben
082 _a808.1
_bAHA 1985
100 _aআহসান, সৈয়দ আলী
245 _aকবিতার রূপকল্প /
_cসৈয়দ আলী আহসান,
260 _aঢাকা :
_bবাংলা একাডেমী,
_c1985
300 _a89 p. :
_c18 cm.
650 _aImage in Poetry
942 _2ddc
_cBK